Monosacharidy

Monografie o chemii monosacharidů vykládá jejich strukturu, biosyntézu a vlastnosti, popisuje různé skupiny těchto cukrů, jejich analýzu, syntetické metody přípravy a průmyslové využití.

Saved in:
Bibliographic Details
Main Author Staněk, Jaroslav, 1919-2003 (Author)
Format Book
LanguageCzech
Published Praha : ČSAV, 1960
Edition1. vyd.
SeriesPráce ČSAV. Sekce chemická
Subjects
Physical Description519 s. ; 24 cm

Cover

LEADER 00000cam a2200000 4500
001 52029
003 CZ-ZlUTB
005 20190826001607.0
008 980713s1960 xr r 0|1 0 cze
035 |a (OCoLC)85463670 
040 |a ABA001  |b cze  |c HKA001  |d ABA001 
072 7 |a 547  |x Organická chemie  |2 Konspekt  |9 10 
080 |a 547.455  |2 MRF 
080 |a (048.8)  |2 MRF 
100 1 |a Staněk, Jaroslav,  |d 1919-2003  |7 jk01120837  |4 aut 
245 1 0 |a Monosacharidy /  |c Jaroslav Staněk [et al.] 
250 |a 1. vyd. 
260 |a Praha :  |b ČSAV,  |c 1960 
300 |a 519 s. ;  |c 24 cm 
490 1 |a Práce ČSAV. Sekce chemická 
500 |a Věcný rejstřík a rejstřík lat. názvů rostlin a mikroorganismů 
500 |a 1500 výt. 
500 |a Obsahuje bibliogafii 
520 |a Monografie o chemii monosacharidů vykládá jejich strukturu, biosyntézu a vlastnosti, popisuje různé skupiny těchto cukrů, jejich analýzu, syntetické metody přípravy a průmyslové využití. 
650 0 7 |a monosacharidy  |7 ph355397  |2 czenas 
653 0 |a deriváty 
655 7 |a monografie  |7 fd132842  |2 czenas 
830 0 |a Práce ČSAV.  |p Sekce chemická 
910 |a ZLD002 
952 |0 0  |1 0  |4 0  |6 547STANĚK_J  |7 0  |8 BOOK  |9 92990  |a UTBZL  |b UTBZL  |c 006  |d 2009-05-11  |i 420010123603  |l 6  |o 547/STANĚK, J.  |p 420010123994  |r 2022-10-04 00:00:00  |s 2022-09-23  |v 54.00  |w 2019-08-26  |x N:převod - TOMA; | 20100831  |y 04 
992 |a BK  |b SK  |d 5 
998 |a 000686272 
999 |c 52029  |d 52029